Statistics for U.S. State Capitals by Picture

Click here to take the quiz!

General Stats

  • This quiz has been taken 191 times
  • The average score is 18 of 50

Answer Stats

Answer% Correct
Denver
85%
Juneau
78%
Salt Lake City
74%
Carson City
70%
Atlanta
67%
Boston
67%
Phoenix
67%
Honolulu
59%
Austin
52%
Nashville
48%
Montpelier
44%
Albany
41%
Boise
41%
Cheyenne
41%
Concord
41%
Indianapolis
41%
Santa Fe
41%
Columbus
37%
Jefferson City
37%
Olympia
37%
Raleigh
37%
Sacramento
37%
Annapolis
33%
Salem
33%
Tallahassee
33%
Harrisburg
30%
Madison
30%
Providence
30%
Augusta
26%
Baton Rouge
26%
Bismarck
26%
Des Moines
26%
Hartford
26%
Helena
26%
Lansing
26%
Little Rock
26%
Oklahoma City
26%
Pierre
26%
Richmond
26%
Springfield
26%
Charleston
22%
Jackson
22%
Montgomery
22%
Trenton
22%
Columbia
19%
Frankfort
19%
Lincoln
19%
Dover
15%
Minneapolis
15%
Topeka
15%

Score Distribution

Percentile by Number Answered

Percent of People with Each Score

Your Score History

You have not taken this quiz